000 00290nam a2200121Ia 4500
008 220204s9999 xx 000 0 und d
082 _a91(026)
_bBLI
245 0 _aPears guide to today's world
260 _aLondon
_bPelham
_c1979
700 _aBlishen, E
700 _aCook, C
942 _cBK
999 _c33318
_d33318